00253nam a2200097Ia 4500008004100000041000800041100001900049245003300068260003500101999001900136241105s9999 xx 000 0 und d aeng aDandage Shruti aLoving Hands Pet Care Centre bFinal Year B. Arch, BNCAc2014 c360841d360841